000 01345cam a2200385 i 4500
001 34157
003 Mx-PuUPA
005 20260219104051.0
008 140415s1999 sp gr 000 0 spa d
017 _aM-45.000-1999
020 _a8489796092
020 _a840007856 X
040 _aMx-PuUPA
_bspa
_cMx-PuUPA
_dMx-PuUPA
_erda
041 0 _aspa
043 _acl-----
043 _ae-sp---
245 0 3 _aEl darwinismo en España e Iberoamérica /
_cThomas F. Glick, Rosaura Ruiz y Miguel Ángel Puig-Samper, editores
264 1 _aMéxico, D.F.:
_bUniversidad Nacional Autónoma de México,
_c1999
300 _a333 páginas ;
_c24 cm
336 _2rdacontent
_atexto
_btxt
337 _2rdamedia
_asin medio
_bn
338 _2rdacarrier
_avolumen
_bnc
490 0 _aColección Actas
600 1 4 _aDarwin, Charles,
_d1809-1882
_9906
650 7 _913986
_2armarc
_aEvolución (Biología)
_zEspaña
_xHistoria
650 7 _2armarc
_aEvolución (Biología)
_zAmérica Latina
_xHistoria
650 7 _2armarc
_aDarwinismo
_zLatinoamérica
650 7 _2armarc
_aDarwinismo
_xEspaña
700 1 _aGlick, Thomas F.,
_d1939-
_eeditor
_9772
700 1 _aRuiz, Rosaura,
_eeditor
_9260
700 1 _aPuig-Samper, Miguel Ángel,
_eeditor
942 _2ddc
_cLI
_h576.80946
_iD23
999 _c34157
_d34157